| 000 | 00584nam a22001937a 4500 | ||
|---|---|---|---|
| 005 | 20251108171246.0 | ||
| 008 | 250721s9999 xx 000 0 ara d | ||
| 082 | 1 | 4 | _a371.2/محم |
| 100 | 1 | _aعدس، محمد عبد الرحيم | |
| 245 | 1 | 0 | _aالإدارة و الإشراف التربوي / |
| 264 | 1 |
_aعمان : _bالمؤلف، _c[19-]. |
|
| 300 | _a176ص | ||
| 650 | 1 | 7 | _aالإدارة التربوية |
| 650 | 1 | 7 | _aإدارة المدارس |
| 700 | 1 | _aالدويك، محمد فهمي | |
| 700 | 1 | _aياسين، حسين | |
| 942 |
_2ddc _cBK |
||
| 999 |
_c60673 _d60673 |
||